000 00540nam a22001817a 4500
003 UA-OsUOA
001 12613
007 ta
008 20050516b un ||||| |||| 00| 0 ukr d
100 _aЕвтушина В.
942 _cSA
040 _aUA-OsUOA
_cUA-OsUOA
_dUA-OsUOA
245 _aНовый гигант на розничном рынке США - Sears плюс Kmart
300 _aС.88-89
955 _a0
773 0 _w0
_tПерсонал
_dКиїв
_d2005
_g№4
650 7 _aЕкономіка зарубіжних країн
_2UDC
999 _c298774
_d298774